LIBRARY & INFORMATION CENTRE, KCAET, TAVANUR

ONLINE PUBLIC ACCESS CATALOGUE (OPAC)

Climate change adaptation strategies in agriculture and allied sectors (Record no. 13720)

MARC details
000 -LEADER
fixed length control field 00332nam a22001217a 4500
020 ## - INTERNATIONAL STANDARD BOOK NUMBER
ISBN 9788172336790
082 ## - DEWEY DECIMAL CLASSIFICATION NUMBER
Classification number 551.6977
Item number RAO/CL
245 ## - TITLE STATEMENT
Title Climate change adaptation strategies in agriculture and allied sectors
260 ## - PUBLICATION, DISTRIBUTION, ETC. (IMPRINT)
Place of publication Jodhpur
Name of publisher Scientific Publishers
Year of publication 2011
300 ## - PHYSICAL DESCRIPTION
Number of Pages 336
700 ## - ADDED ENTRY--PERSONAL NAME
Personal name Rao, Prasada GSLHV
942 ## - ADDED ENTRY ELEMENTS (KOHA)
Koha item type Books
Holdings
Withdrawn status Lost status Damaged status Collection code Home library Current library Shelving location Date acquired Source of acquisition Cost, normal purchase price Full call number Accession Number Koha item type
      Non-fiction KAUAET KAUAET General Stacks 31/03/2012 International Books and periodical supply service, New Delhi 1675.00 551.6977 RAO/CL 23404 Books
free website counter